| 000 | 00604nam a2200193 i 4500 | ||
|---|---|---|---|
| 001 | 33275 | ||
| 003 | ES-MaACL | ||
| 005 | 20240420063017.0 | ||
| 007 | t| | ||
| 008 | 030201s1963 cl ||||1| spa d | ||
| 100 | 1 |
_aBergamín, José, _d1895-1983 _927925 |
|
| 245 | 1 | 0 |
_aDuendecitos y coplas / _cpor José Bergamín. |
| 260 |
_aSantiago de Chile, etc. : _bCruz del Sur, _c1963. |
||
| 300 |
_a228 p. ; _c17 cm. |
||
| 490 | 1 |
_aRenuevos de Cruz y Raya ; _v11-12 |
|
| 830 | 0 |
_aRenuevos de Cruz y Raya ; _v11-12 _9182716 |
|
| 852 |
_aES-MaACL _jC-25660 _bR.53483 |
||
| 999 |
_c33275 _d33275 |
||